000 00818nam a22001937a 4500
005 20251108164343.0
008 250721s9999 ua gr 000 0 ara d
041 1 _aara
_aeng
082 1 4 _a004.03
_bم ر ا
100 1 _aمراد، عبد الفتاح
_eمؤلف.
245 1 0 _aموسوعة مصطلحات الكمبيوتر و الإنترنت إنجليزي - عربي :
_bدراسة تحليلية و تأصيلية مقارنة لمصطلحات علوم الكمبيوتر و الإنترنت /
_cالمستشار الدكتور عبد الفتاح مراد.
264 1 _aالإسكندرية :
_c[بين 1900و 1999].
300 _a2255 صفحة.
650 1 7 _aالحواسيب
650 1 7 _aمعاجم المصطلحات
650 1 7 _aشبكات الحواسيب
942 _2ddc
_cREF
999 _c10097
_d10097